000 00472nam a2200181 4500
001 27237
005 20230411085954.0
008 060907n1996 dr spa
020 _a8420619264
035 _9funglode27442
041 _aES
100 _aIonesco, Eugéne
245 1 3 _aLa cantante calva antipieza /
_cEugéne Ionesco
260 _aMadrid :
_bAlianza Editorial,
_c1996
300 _a101 p.
440 _aCol. Literatura ;
_v926
942 _2lcc
_cbk
999 _c110251
_d110251